Score 0/7 Timer 03:00
0 Plays Today
Question Answer Wrong Answers
This famous conflict of the Texas Revolution begins.
1836
Battle of the Alamo
95.4%
Goliad Campaign
1%
Siege of Béxar
1%
Battle of Monterrey
2.5%
During the Battle of ______, a group of US Marines and a Navy hospital corpsman reach the top of Mount Suribachi and are photographed raising the American flag.
1945
Iwo Jima
86.8%
Okinawa
6.6%
Guam
2.4%
Manila
1.4%
The first mass inoculation of children against polio begins in Pittsburgh. Who is credited with developing the vaccine?
1954
Jonas Salk
78.3%
Alexander Fleming
8%
Louis Pasteur
7.3%
Robert Koch
3.2%
This American president signs an agreement with Cuba, which leases Guantánamo Bay to the United States ‘in perpetuity.’
1903
Theodore Roosevelt
68.4%
William McKinley
12.4%
Grover Cleveland
8.9%
William Howard Taft
8.5%
Leopold III becomes King of this nation.
1934
Belgium
56.7%
Denmark
24.4%
Netherlands
14.4%
United Kingdom
2.2%
This American sociologist, historian, and activist, known for their work, ‘Black Reconstruction in America,’ is born.
1868
W. E. B. Du Bois
54.6%
Booker T. Washington
27.1%
Harriet Tubman
11.1%
Ida B. Wells
6%
General Sunthorn Kongsompong leads a bloodless coup d'état in this Southeast Asian nation, deposing of Prime Minister Chatichai Choonhavan.
1991
Thailand
35.7%
Laos
22.3%
Cambodia
31.3%
Vietnam
7.2%
Remove Ads.
Support Sporcle.
Get the best of Sporcle when you Go Orange. This ad-free experience offers more features, more stats, and more fun while also helping to support Sporcle. Thank you for becoming a member.

You're not logged in!

Compare scores with friends on all Sporcle quizzes.
OR
Log In

Show Comments

Extras

Top Quizzes Today


Score Distribution

Your Account Isn't Verified!

In order to create a playlist on Sporcle, you need to verify the email address you used during registration. Go to your Sporcle Settings to finish the process.

Report this User

Report this user for behavior that violates our Community Guidelines.

Details: